000 01015nam a2200265 a 4500
001 BRCA_4094
005 20190320204537.0
008 260210s2000----mx-a######---#000-0#spa-#
041 _aspa
044 _amx
050 4 _aN910.M42
_b.P47 2000
100 1 _aPérez Castellanos, Leticia
_910603
245 1 0 _aInforme de los trabajos arqueológicos en el Museo Franz Mayer - Edificio Anexo
_cLeticia Pérez Castellanos, Janis Rojas Gaytán.
260 _aMéxico
_bINAH, Dirección de Salvamento Arqueológico
_c2000
300 _a2 v.
_bil.
_c29 cm.
500 _aIncluye catálogo de piezas (v.2)
500 _aEjemplar engargolado
500 _aPor política no se presta a domicilio
504 _aIncluye referencias bibliográficas
505 0 _aContenido: v.1. Las excavaciones arqueológicas. -- v.2. El análisis de materiales
610 2 4 _aMuseo Franz Mayer (Ciudad de México)
_vInformes
_xEdificio anexo
_910604
700 1 _aRojas Gaytán, Janis
_ecoaut.
_910605
902 _aeng
942 _2lcc
_cB
999 _c3816
_d3816